00333 2200133 4500245008700000250001100087100001700098650001600115005001900131260001800150041001400168084000800182336000900190 aLAPORAN KARYA SISWAb : AYO!! LEBIH TAU TENTANG MAKANAN POKOKcALIF MUZACKYhText aCet. 1 aALIF MUZACKY aKarya Siswa a20240829095536 aJakartac2024 aIndonesia a081 atext